Распределение некоторых химических элементов в снеготалой воде из районов нефтедобывающего комплекса Томской области; Известия Томского политехнического университета [Известия ТПУ]; Т. 322, № 1 : Науки о Земле

Bibliografske podrobnosti
Parent link:Известия Томского политехнического университета [Известия ТПУ]/ Томский политехнический университет (ТПУ).— , 2000-
Т. 322, № 1 : Науки о Земле.— 2013.— [С. 147-151]
Glavni avtor: Большунова Т. С. Татьяна Сергеевна
Izvleček:Заглавие с титульного листа
Электронная версия печатной публикации
Приведены данные по содержаниям химических элементов в снеготалой воде, полученные при снеговой съёмке территории влияния нефтегазодобывающего комплекса Томской области. Установлено, что для данной территории выявляются повышенные концентрации таких элементов, как Li, Be, Na, Mn, Ni, Zn, As, Mo, Th, U, что может быть обусловлено как влиянием выбросов от источников загрязнения атмосферы на нефтяных месторождениях, так и региональным атмосферным переносом загрязняющих веществ от промышленных предприятий Томской и соседних областей.
Jezik:ruščina
Izdano: 2013
Serija:Геоэкология
Teme:
Online dostop:http://earchive.tpu.ru/bitstream/11683/4643/1/bulletin_tpu-2013-322-1-25.pdf
Format: MixedMaterials Elektronski Book Chapter
KOHA link:https://koha.lib.tpu.ru/cgi-bin/koha/opac-detail.pl?biblionumber=233947

MARC

LEADER 00000nla2a2200000 4500
001 233947
005 20231031203710.0
035 |a (RuTPU)RU\TPU\book\255031 
035 |a RU\TPU\book\255027 
090 |a 233947 
100 |a 20130314d2013 k y0rusy50 ca 
101 0 |a rus 
102 |a RU 
135 |a drnn ---uucaa 
181 0 |a i  
182 0 |a b 
200 1 |a Распределение некоторых химических элементов в снеготалой воде из районов нефтедобывающего комплекса Томской области  |b Электронный ресурс  |f Т. С. Большунова 
203 |a Текст  |c электронный 
215 |a 1 файл (480 Кб) 
225 1 |a Геоэкология 
230 |a Электронные текстовые данные (1 файл : 480 Кб) 
300 |a Заглавие с титульного листа 
300 |a Электронная версия печатной публикации 
320 |a [Библиогр.: с. 151 (12 назв.)] 
330 |a Приведены данные по содержаниям химических элементов в снеготалой воде, полученные при снеговой съёмке территории влияния нефтегазодобывающего комплекса Томской области. Установлено, что для данной территории выявляются повышенные концентрации таких элементов, как Li, Be, Na, Mn, Ni, Zn, As, Mo, Th, U, что может быть обусловлено как влиянием выбросов от источников загрязнения атмосферы на нефтяных месторождениях, так и региональным атмосферным переносом загрязняющих веществ от промышленных предприятий Томской и соседних областей. 
337 |a Adobe Reader 
461 1 |0 (RuTPU)RU\TPU\book\176237  |t Известия Томского политехнического университета [Известия ТПУ]  |f Томский политехнический университет (ТПУ)  |d 2000- 
463 1 |0 (RuTPU)RU\TPU\book\254945  |x 1684-8519  |t Т. 322, № 1 : Науки о Земле  |v [С. 147-151]  |d 2013  |p 175 с. 
610 1 |a снеготалые воды 
610 1 |a нефтегазодобывающий комплекс 
610 1 |a Томская область 
610 1 |a ледники 
610 1 |a мониторинг 
610 1 |a снеговой покров 
610 1 |a загрязняющие вещества 
610 1 |a выбросы 
610 1 |a источники 
610 1 |a труды учёных ТПУ 
610 1 |a электронный ресурс 
700 1 |a Большунова  |b Т. С.  |g Татьяна Сергеевна 
801 1 |a RU  |b 63413507  |c 20090623  |g PSBO 
801 2 |a RU  |b 63413507  |c 20220126  |g PSBO 
856 4 |u http://earchive.tpu.ru/bitstream/11683/4643/1/bulletin_tpu-2013-322-1-25.pdf 
942 |c CF